Szczegóły MARC21

Agriculture, peasantry and poverty in Turkey in the neo-liberal age /

005 -DATA I CZAS OSTATNIEJ MODYFIKACJI [,]
    • @
    • pole kontrolne
    • 20140613085932.0
020 -Międzynarod. znormalizowany nr książki - ISBN [ , ]
    • a
    • Numer ISBN
    • 9789086861927 Find
020 -Międzynarod. znormalizowany nr książki - ISBN [ , ]
    • a
    • Numer ISBN
    • 9789086867486 Find
040 -Instytucja sporządzająca opis [ , ]
    • a
    • Instytucja, która sporządziła opis (NP)
    • SZCZ U/JG
    • c
    • Instytucja, która sporządziła rekord (NP)
    • SZCZ U/JG
    • d
    • Instytucja, która zmodyfikowała rekord (P)
    • SZCZ U/ML
041 -Język dokumentu [0, ]
    • a
    • Język tekstu (P)
    • angielski
044 -Kraj miejsca wydania [ , ]
    • a
    • Kraj miejsca wydania
    • Niderlandy
942 -Rodzaj dokumentu [ , ]
    • c
    • Rodzaj dokumentu
    • Książka
100 -Hasło główne - nazwa osobowa [1, ]
    • 9
    • KHW
    • 71610
    • a
    • Nazwa osobowa (NP)
    • Öztürk, Murat.
245 -Strefa tytułu i oznaczenia odpowiedzialności [1,0]
    • a
    • Tytuł
    • Agriculture, peasantry and poverty in Turkey in the neo-liberal age / Find
    • c
    • Pozostałe elementy strefy tytułu i oznaczenia odpowiedzialności (NP)
    • Murat Öztürk.
260 -Strefa adresu wydawniczego [ , ]
    • a
    • Miejsce wydania (P)
    • Wageningen :
    • b
    • Nazwa wydawcy (P)
    • Wageningen Academic Publishers,
    • c
    • Data wydania (P)
    • 2012.
300 -Strefa opisu fizycznego [ , ]
    • a
    • Określenie formy książki i/lub objętość (NP)
    • 240 s. :
    • b
    • Oznaczenie ilustracji (NP)
    • il. ;
    • c
    • Format (NP)
    • 24 cm.
504 -Uwaga dot. bibliogr. załącznikowej [ , ]
    • a
    • Uwaga dot. bibliografii załącznikowej
    • Bibliogr. s. 217-226. Indeks.
080 -Uniwersalna Klasyfikacja Dziesiętna [ , ]
    • 2
    • Identyfikator wydania tablic
    • UDC-P058
    • 9
    • UKD
    • 5289
    • a
    • Symbol klasyfikacji
    • 631/635
    • b
    • Dopowiedzenie
    • Rolnictwo. Uprawa i hodowla roślin.
    • 4
    • UKD2
    • 17078
    • x
    • Poddział wspólny
    • (560)
    • c
    • Dopowiedzenie poddz. wspólnego
    • (Turcja).
    • 4
    • UKD2
    • 7644
    • x
    • Poddział wspólny
    • =111
    • c
    • Dopowiedzenie poddz. wspólnego
    • =Język angielski.
080 -Uniwersalna Klasyfikacja Dziesiętna [ , ]
    • 2
    • Identyfikator wydania tablic
    • UDC-P058
    • 9
    • UKD
    • 2961
    • a
    • Symbol klasyfikacji
    • 330.341.4
    • b
    • Dopowiedzenie
    • Przemiany strukturalne. Industrializacja. Centralizacja. Decentralizacja.
    • 4
    • UKD2
    • 17078
    • x
    • Poddział wspólny
    • (560)
    • c
    • Dopowiedzenie poddz. wspólnego
    • (Turcja).
    • 4
    • UKD2
    • 7644
    • x
    • Poddział wspólny
    • =111
    • c
    • Dopowiedzenie poddz. wspólnego
    • =Język angielski.
980 -Symbol UKD [ , ]
    • a
    • UKD
    • 631/635:330.341.4](560)=111
710 -Hasło dodatkowe - nazwa ciała zbiorowego [2, ]
    • 4
    • Kod relacji
    • pbl
    • 9
    • KHW
    • 71611
    • a
    • Nazwa ciała zbiorowego lub nazwa geograficzna jako pierwszy element (NP)
    • Wageningen Academic Publishers.
920 -ISBN [ , ]
    • a
    • ISBN
    • 978-90-8686-192-7 Find
920 -ISBN [ , ]
    • a
    • ISBN
    • 978-90-8686-748-6 (e-ISBN) Find
Sygnatura Numer inwentarzowy Status udost. Lokalizacja Data inwentaryzacji
T.15684T.15684-2T2014-03-27